000
00370nam a22001217a 4500
040
_c
HS
082
_a
634
100
_a
NA
245
_a
Intermediate frut culture training curriculum មេរៀនបណ្តុះបណ្តាលដំណាំឈើហូបផ្លែ(កំរិតមធ្យម)
260
_a
NA
_b
NA
_c
1997
300
_a
80pp;
942
_c
KB
999
_c
9588
_d
9588